| 000 | | | 05758nac2a22003973x 450 |
| 001 | | | 57b30a3c-7f02-49dc-b034-e48067dae3ed |
| 005 | | | 20240819150413.0 |
| 100 | ## | $a | 20240716l1879 k y0rusy50 ca |
| 101 | 0# | $a | rus |
| 102 | ## | $a | RU |
| 105 | ## | $a | y z ||||| |
| 122 | 0# | $a | d18790429 |
| 200 | 1# | $a | Конфиденциальное письмо временного Харьковского генерал-губернатора Лорис-Меликова шефу жандармов о начальнике Харьковского жандармского управления Ковалинском |
| | $j | 29.04.1879 |
| 215 | ## | $a | 4 листа |
| | $d | 32,2 х 23,1 |
| 251 | ## | $c | Дело |
| 300 | ## | $a | Заголовок дела на папке: Копия письма временного Харьковского генерал-губернатора Лорис-Меликова шефу жандармов о начальнике Харьковского жандармского управления Ковалинском |
| 300 | ## | $a | На папке дела: 1879 г. |
| 300 | ## | $a | Рукописный текст |
| 324 | ## | $a | Копия |
| 325 | ## | $a | Замикрофильмировано |
| 330 | ## | $a | Входит в раздел описи: Материалы по Харьковскому генерал-губернаторству Лорис-Меликова М. Т. |
| 461 | #0 | $1 | 001cda3d175-ae4a-411a-8dea-9cc20fb178f6 |
| | $1 | 2001 |
| | $a | Лорис-Меликов Михаил Тариелович, граф, министр внутренних дел, главный начальник "верховной распорядительной комиссии по охранению государственного порядка и общественного спокойствия", генерал от кавалерии |
| | $1 | 251 |
| | $c | Фонд |
| | $1 | 852 |
| | $j | 569 |
| 462 | #0 | $1 | 001163e060a-d7cc-404d-90ee-e28c9801971b |
| | $1 | 2001 |
| | $a | Опись дел фонда М. Т. Лорис-Меликова за 1858-1915 гг. |
| | $v | Д. 28 |
| | $1 | 251 |
| | $c | Опись |
| | $1 | 852 |
| | $j | 1 |
| 517 | 1# | $a | Копия письма временного Харьковского генерал-губернатора Лорис-Меликова шефу жандармов о начальнике Харьковского жандармского управления Ковалинском |
| 600 | #1 | $a | Лорис-Меликов |
| | $b | М. Т. |
| | $g | Михаил Тариелович |
| 600 | #1 | $a | Ковалинский |
| 601 | 02 | $a | Жандармское управление |
| | $c | Харьков |
| 601 | 02 | $a | Харьковский генерал-губернатор |
| 605 | ## | $3 | DITM\AF\0000002775 |
| | $a | Власть |
| | $l | коллекция |
| | $2 | acquisition_prlib |
| 610 | 1# | $a | Конфидециальные письма |
| 686 | ## | $a | 63.3(2)535-332ю1 |
| | $c | История |
| | $2 | rubbk |
| 686 | ## | $a | 67.400.6ю1 |
| | $c | Право |
| | $2 | rubbk |
| 700 | #1 | $a | Лорис-Меликов |
| | $b | М. Т. |
| | $g | Михаил Тариелович |
| 801 | #0 | $a | RU |
| | $b | GA_RF |
| 801 | #1 | $a | RU |
| | $b | ГлавНИВЦ |
| | $c | 20240716 |
| | $2 | rusmarc |
| 801 | #2 | $a | RU |
| | $b | ПБ им. Б.Н. Ельцина |
| | $c | 20240819 |
| | $g | RCR |
| | $2 | rusmarc |
| 852 | ## | $a | ГА РФ |
| | $j | 28 |
| 937 | ## | $d | 193617305 |
| | $h | ГАРФ |
| 035 | ## | $a | RuPRLIB51076379 |
| 856 | ## | $u | http://readingroom.main.prlib.ru/item.aspx?id_node=n193617305&mode=full |